000 00363nam a2200145Ia 4500
008 151213s9999 xx 000 0 und d
100 _aGilbert Mu rray
245 _aThe Anligone
_cGilbert Mu rray
260 _aLondon
_bGeorg Allen
_c1941
300 _a8806 p.
650 _aEnglish
650 _aEnglish Literature
700 _aGilbert Mu rray
999 _c4591
_d4591